Hotellerie und Gastronomie Hörtexte Bd. 1 :
| Hlavní autor: | Clalüna, Monika |
|---|---|
| Jazyk: | Němčina |
| Vydáno: |
Rheinbreitbach b. Bonn : Verlag Dürr & Kessler, c1993 |
| Témata: |
| LEADER | 00607njm a2200205 4500 | ||
|---|---|---|---|
| 001 | 000986159 | ||
| 003 | CZ BrMZK | ||
| 005 | 20190502141308.0 | ||
| 007 | ss lsnjlcmpnze | ||
| 008 | 010907s1993 gw ger | ||
| 028 | |a 50110 | ||
| 040 | |a BOA001 |b cze | ||
| 100 | 1 | |a Clalüna, Monika |7 mzk2010607845 | |
| 245 | 1 | 0 | |a Hotellerie und Gastronomie |h [zvukový záznam]. |n Bd. 1 : |b Hörtexte |
| 260 | |a Rheinbreitbach b. Bonn : |b Verlag Dürr & Kessler, |c c1993 | ||
| 653 | |a němčina - hotel, restaurace | ||
| 653 | |a němčina - učebnice | ||
| 910 | |a BOA001 |b NK-KZ-0002.407,1 | ||
| 990 | |a KZ | ||
| 991 | |z 000012529 |x 44 | ||
English
Čeština 